000 00318nam a2200109Ia 4500
008 171204s9999 xx 000 0 und d
245 _aMastering Responsive Web Design With Html5 And Css3:
245 _cRicardo Zea
260 _c2015
650 _xWeb Design
856 _uhttp://down.ebook777.com/017/9781783550234.pdf
999 _c345991
_d345991